| 000 | 00708nam a2200229 a 4500 | ||
|---|---|---|---|
| 001 | SSB060281 | ||
| 003 | PILC | ||
| 005 | 20150804075101.0 | ||
| 008 | |||
| 020 | _a9789712367267 | ||
| 050 |
_aHB 615 _b.M468 2014 |
||
| 100 | _aMedina, Roberto G. | ||
| 245 | 0 |
_aEntrepreneurship and small business management / _cRoberto G. Medina. |
|
| 250 | _a3rd ed. | ||
| 260 |
_aManila : _bRex Book Store, _c2014. |
||
| 300 |
_ax, 235 pages : _billustrations ; _c26 cm. |
||
| 500 | _aIncludes bibliographical references and index. | ||
| 650 | _aEntrepreneurship. | ||
| 650 |
_aSmall business _xManagement. |
||
| 650 | _aNew business enterprises. | ||
| 942 |
_2lcc _cBK _kLOC |
||
| 999 |
_c284805 _d284805 |
||